[Event "Muret Veterans op"]
[Site "Muret"]
[Date "2009.06.20"]
[Round "6"]
[White "Ollivier, Jacques"]
[Black "Moruzzi, Gerard"]
[Result "1-0"]
[WhiteElo "1929"]
[BlackElo "1750"]
[PlyCount "85"]
[EventDate "2009.06.15"]
[EventType "swiss"]
[EventRounds "7"]
[EventCountry "FRA"]
[SourceTitle "EXT 2010"]
[Source "ChessBase"]
[SourceDate "2010.11.25"]
[SourceVersion "1"]
[SourceVersionDate "2010.11.25"]
[SourceQuality "1"]

1. d4 e6 2. Nf3 Nf6 3. e3 b6 4. Bd3 Bb7 5. Nbd2 c5 6. 0-0 Be7 7. Re1 cxd4 8. exd4 0-0 9. Nf1 d6 10. Ng3 Re8 11. b3 Nbd7 12. c4 d5 13. Bb2 dxc4 14. bxc4 Bb4 15. Rf1 Rc8 16. Ne5 h6 17. f4 Nxe5 18. fxe5 Nd7 19. Qe2 f5 20. exf6 Nxf6 21. Bg6 Re7 22. Rac1 Bd6 23. Nh5 Nxh5 24. Qxh5 Qc7 25. Bd3 Rf7 26. Bh7+ Kf8 27. Rxf7+ Qxf7 28. Rf1 Bf4 29. Ba3+ Rc5 30. Qxf7+ Kxf7 31. dxc5 g5 32. g3 Kg7 33. gxf4 Kxh7 34. fxg5 Kg6 35. gxh6 Kxh6 36. Rf7 Be4 37. Rxa7 bxc5 38. Bxc5 Kg6 39. Bd4 Kf5 40. Ra5+ Kf4 41. Re5 Bd3 42. c5 Bc4 43. c6 1-0

[Event "FRA-chT3 0405"]
[Site "France"]
[Date "2005.02.06"]
[Round "5.1"]
[White "Ollivier, Jacques"]
[Black "Bleunven, Andre"]
[Result "0-1"]
[WhiteElo "1999"]
[BlackElo "2245"]
[PlyCount "61"]
[EventDate "2004.10.10"]
[EventType "team"]
[EventRounds "9"]
[EventCountry "FRA"]
[SourceTitle "EXT 2007"]
[Source "ChessBase"]
[SourceDate "2006.11.23"]
[SourceVersion "1"]
[SourceVersionDate "2006.11.23"]
[SourceQuality "1"]

1. d4 Nf6 2. Nf3 e6 3. c4 b6 4. g3 Ba6 5. Nbd2 Bb7 6. Qc2 c5 7. dxc5 Bxc5 8. e3 0-0 9. Bg2 Be7 10. 0-0 Na6 11. b3 Qc7 12. Bb2 h6 13. Rac1 Rac8 14. Qb1 Nc5 15. Rfd1 Qb8 16. Ne1 Bxg2 17. Kxg2 b5 18. f3 b4 19. Nd3 Na6 20. Qa1 d6 21. Nf1 Rfd8 22. Nf4 Nc5 23. Rd2 Qb7 24. Rdd1 a5 25. Rc2 a4 26. Rcd2 axb3 27. Bd4 Ncd7 28. axb3 e5 29. Ne2 exd4 30. Nxd4 Ne5 31. Nf5 0-1

[Event "FRA-chT3 0405"]
[Site "France"]
[Date "2005.01.09"]
[Round "4.1"]
[White "Cartier, Nicolas"]
[Black "Ollivier, Jacques"]
[Result "1/2-1/2"]
[WhiteElo "2070"]
[BlackElo "1999"]
[PlyCount "60"]
[EventDate "2004.10.10"]
[EventType "team"]
[EventRounds "9"]
[EventCountry "FRA"]
[SourceTitle "EXT 2007"]
[Source "ChessBase"]
[SourceDate "2006.11.23"]
[SourceVersion "1"]
[SourceVersionDate "2006.11.23"]
[SourceQuality "1"]

1. e4 c5 2. Nf3 Nc6 3. d4 cxd4 4. Nxd4 Nf6 5. Nc3 d6 6. Be2 e6 7. 0-0 Be7 8. Be3 0-0 9. Qd2 a6 10. a4 Qc7 11. f4 Bd7 12. Rad1 Rac8 13. f5 e5 14. Nb3 Nb4 15. a5 Bc6 16. Bf3 Rfe8 17. Bb6 Qd7 18. g4 h6 19. Ne2 d5 20. Nc5 Bxc5+ 21. Bxc5 dxe4 22. Qxb4 exf3 23. Rxd7 fxe2 24. Re7 exf1Q+ 25. Kxf1 Rxe7 26. Bxe7 Nd5 27. Qd6 Nxe7 28. Qxe7 Re8 29. Qh4 f6 30. Qg3 e4 1/2-1/2

[Event "FRA-chT4 0304"]
[Site "Bretagne"]
[Date "2004.03.14"]
[Round "6"]
[White "Ollivier, Jacques"]
[Black "Bleunven, Andre"]
[Result "1/2-1/2"]
[WhiteElo "1940"]
[BlackElo "2282"]
[PlyCount "82"]
[EventDate "2003.10.12"]
[EventType "team"]
[EventRounds "9"]
[EventCountry "FRA"]
[SourceTitle "EXT 2005"]
[Source "ChessBase"]
[SourceDate "2004.11.15"]
[SourceVersion "1"]
[SourceVersionDate "2004.11.15"]
[SourceQuality "1"]

1. d4 Nf6 2. Nf3 e6 3. c4 c5 4. d5 d6 5. Nc3 exd5 6. cxd5 g6 7. e4 a6 8. a4 Bg4 9. Be2 Bxf3 10. Bxf3 Bg7 11. 0-0 0-0 12. Bf4 Qe7 13. Qc2 Nbd7 14. Be2 Ne8 15. Bg3 Bd4 16. Kh1 Ng7 17. Bd3 Nh5 18. Ne2 Nxg3+ 19. hxg3 Bg7 20. a5 Ne5 21. Ra4 Nxd3 22. Qxd3 Bxb2 23. Nc3 Qf6 24. Nd1 Bd4 25. Ne3 Rfe8 26. Nc2 Bb2 27. Ra2 Qc3 28. Qxc3 Bxc3 29. Ra3 Bg7 30. f3 Be5 31. Rb3 Bxg3 32. Rxb7 f5 33. Rb3 fxe4 34. fxe4 Be5 35. Na3 Rf8 36. Rff3 Rf4 37. Rxf4 Bxf4 38. g3 Bh6 39. Nc4 Bf8 40. Rb6 Re8 41. Nxd6 Bxd6 1/2-1/2

[Event "FRA-chT4 0304"]
[Site "Bretagne"]
[Date "2004.01.18"]
[Round "4"]
[White "Ollivier, Jacques"]
[Black "Cadiou, Jacques"]
[Result "0-1"]
[WhiteElo "1940"]
[BlackElo "2090"]
[PlyCount "54"]
[EventDate "2003.10.12"]
[EventType "team"]
[EventRounds "9"]
[EventCountry "FRA"]
[SourceTitle "EXT 2005"]
[Source "ChessBase"]
[SourceDate "2004.11.15"]
[SourceVersion "1"]
[SourceVersionDate "2004.11.15"]
[SourceQuality "1"]

1. d4 Nf6 2. c4 e6 3. Nf3 d5 4. Nc3 Be7 5. g3 c5 6. dxc5 Bxc5 7. Bg2 Nc6 8. cxd5 exd5 9. 0-0 h6 10. e3 Be6 11. Nb5 Qb6 12. Nbd4 Bg4 13. Qa4 Bd7 14. Qd1 0-0 15. Nxc6 Bxc6 16. b3 Rad8 17. Bb2 Bb5 18. Re1 Bb4 19. Bd4 Qe6 20. Nd2 Ne4 21. Bxe4 dxe4 22. a3 Be7 23. Qh5 Rd5 24. Qd1 Qh3 25. Re2 Rc8 26. Nxe4 Qg4 27. Rd2 Qxe4 0-1